|
|
|
|
| LEADER |
01281nam a2200337 a 4500 |
| 001 |
1812996 |
| 003 |
BD-DhAAL |
| 008 |
090723s1996 enk b 000 1 eng d |
| 999 |
|
|
|c 2784
|d 2784
|
| 010 |
|
|
|a 79117439
|
| 020 |
|
|
|a 0140434968
|
| 040 |
|
|
|a DLC
|c DLC
|d DLC
|d BD-DhAAL
|
| 082 |
0 |
0 |
|a 823.8
|2 21
|
| 100 |
1 |
|
|a Dickens, Charles,
|d 1812-1870.
|9 31295
|
| 245 |
1 |
0 |
|a Bleak House /
|c Charles Dickens, edited and with an introductions by Hablot K. Browne.
|
| 260 |
|
|
|a London :
|b Penguin,
|c 1996
|
| 300 |
|
|
|a xxxi, 1037 p.
|c 20 cm.
|
| 490 |
0 |
|
|a The Crowell critical library
|
| 504 |
|
|
|a Bibliography: p. xxviii-xxix
|
| 541 |
1 |
|
|e 00011869
|
| 600 |
1 |
0 |
|a Dickens, Charles,
|d 1812-1870.
|t Bleak House.
|9 31296
|
| 650 |
|
0 |
|a Illegitimate children
|x Fiction.
|9 31297
|
| 650 |
|
0 |
|a Guardian and ward
|x Fiction.
|9 31298
|
| 650 |
|
0 |
|a Young women
|x Fiction.
|9 31299
|
| 651 |
|
0 |
|a London (England)
|x Fiction.
|9 31300
|
| 655 |
|
7 |
|a Domestic fiction.
|2 lcsh
|9 31301
|
| 655 |
|
7 |
|a Legal stories.
|2 gsafd
|9 31302
|
| 700 |
1 |
|
|a Browne, Habolt K.
|9 31303
|
| 852 |
4 |
|
|a Ayesha Abed Library
|j General shelf.
|
| 942 |
|
|
|2 ddc
|c BK
|
| 952 |
|
|
|0 0
|1 0
|2 ddc
|4 0
|6 823_800000000000000_DIC
|7 0
|9 2557
|a BRACUL
|b BRACUL
|c GEN
|d 2009-07-23
|g 919.00
|l 6
|m 11
|o 823.8 DIC
|p 3010011869
|r 2024-02-03
|s 2024-01-27
|t 1
|w 2009-07-23
|y BK
|x $10.95
|